[Event "POL-chT U20 2nd League"]
[Site "Sypniewo"]
[Date "2020.??.??"]
[Round "5.38"]
[White "Wrona, Florian"]
[Black "Kolodziej, Oskar"]
[Result "1/2-1/2"]
[WhiteElo "1463"]
[BlackElo "1242"]
[PlyCount "108"]
[EventDate "2020.10.23"]
[EventType "team-swiss"]
[EventRounds "9"]
[EventCountry "POL"]
[SourceTitle "CBM 199 Extra"]
[Source "ChessBase"]
[SourceDate "2021.01.31"]
[SourceVersion "1"]
[SourceVersionDate "2021.01.31"]
[SourceQuality "1"]

1. e4 e5 2. Nf3 Nc6 3. Bc4 Bc5 4. c3 Nf6 5. d3 d6 6. 0-0 a6 7. Bb3 Ba7 8. Re1 h6 9. h3 g5 10. Nh2 Rg8 11. Be3 g4 12. hxg4 Bxg4 13. Nxg4 Rxg4 14. Qf3 Rg6 15. Nd2 Qd7 16. Bxa7 Nxa7 17. Nc4 0-0-0 18. Ne3 Rdg8 19. Kf1 Nc6 20. a3 Nd8 21. Rab1 Ne6 22. g3 Ng4 23. Bxe6 Qxe6 24. Nxg4 Rxg4 25. Ke2 R4g6 26. Rh1 Rf6 27. Qe3 Qb3 28. Kd2 Rh8 29. Rh2 b6 30. g4 Rg6 31. c4 Qa4 32. Rbh1 Qd7 33. f3 Qe6 34. Rh5 Qf6 35. g5 Rxg5 36. Rxg5 hxg5 37. Rxh8+ Qxh8 38. Qxg5 f6 39. Qg4+ Kb7 40. Kc3 Qh6 41. Qg1 Qf4 42. Qf1 Qe3 43. Kc2 Qf4 44. Qf2 a5 45. Kd1 Qh6 46. Qg1 Qf4 47. Ke2 Qh4 48. Qe3 Qh2+ 49. Qf2 Qf4 50. Qg1 Qh4 51. b4 axb4 52. axb4 Qf4 53. Qe3 Qh2+ 54. Qf2 Qf4 1/2-1/2

[Event "Malopolska Region-chB"]
[Site "Krakow"]
[Date "2019.06.22"]
[Round "5"]
[White "Koloczek, Maciej"]
[Black "Wrona, Florian"]
[Result "1/2-1/2"]
[WhiteElo "1981"]
[BlackElo "1528"]
[PlyCount "82"]
[EventDate "2019.06.20"]
[EventType "swiss"]
[EventRounds "7"]
[EventCountry "POL"]
[SourceTitle "EXT 2020"]
[Source "ChessBase"]
[SourceDate "2019.10.17"]
[SourceVersion "1"]
[SourceVersionDate "2019.10.17"]
[SourceQuality "1"]

1. e4 c5 2. Nf3 d6 3. d4 cxd4 4. Nxd4 Nf6 5. Nc3 g6 6. Be3 Bg7 7. f3 0-0 8. Qd2 Nc6 9. 0-0-0 d5 10. Qe1 e5 11. Nxc6 bxc6 12. exd5 cxd5 13. Bg5 Be6 14. f4 h6 15. Bxf6 Qxf6 16. fxe5 Qf4+ 17. Kb1 d4 18. Ne4 Qxe5 19. Bd3 Rfe8 20. Qf2 a5 21. Rdf1 Qd5 22. b3 a4 23. Nd2 Qa5 24. Nc4 Qc3 25. Qd2 axb3 26. cxb3 Bxc4 27. Qxc3 dxc3 28. Bxc4 c2+ 29. Kc1 Re7 30. a4 Rc8 31. Re1 Ra7 32. Re4 Bf8 33. Kxc2 Kg7 34. Rd1 f5 35. Red4 Kf6 36. Kd3 Bc5 37. Rd5 Bb4 38. Rf1 Re7 39. a5 Rce8 40. a6 Re2 41. Rd1 R8e3+ 1/2-1/2

[Event "POL-ch U10"]
[Site "Jastrzebia Gora"]
[Date "2014.??.??"]
[Round "4"]
[White "Grzesik, Gracjan"]
[Black "Wrona, Florian"]
[Result "0-1"]
[WhiteElo "1467"]
[BlackElo "1231"]
[PlyCount "126"]
[EventDate "2014.03.??"]
[EventType "tourn"]
[EventRounds "9"]
[EventCountry "POL"]
[SourceTitle "EXT 2016"]
[Source "ChessBase"]
[SourceDate "2015.10.08"]
[SourceVersion "1"]
[SourceVersionDate "2015.10.08"]
[SourceQuality "1"]

1. c4 e5 2. g3 Nf6 3. Bg2 Bc5 4. Nc3 Nc6 5. d3 h6 6. Nf3 d6 7. 0-0 0-0 8. a3 Nd4 9. b4 Nxf3+ 10. Bxf3 Bd4 11. Bb2 Rb8 12. e3 Bxc3 13. Bxc3 Bh3 14. Bg2 Qd7 15. Qe2 Bxg2 16. Kxg2 Qg4 17. Qd2 Rfe8 18. h3 Qg6 19. Rfe1 e4 20. Bxf6 Qxf6 21. dxe4 Rxe4 22. Rac1 Ree8 23. Red1 Qe5 24. c5 Rbd8 25. Qc2 dxc5 26. Rxd8 Rxd8 27. Qxc5 Qxc5 28. Rxc5 c6 29. b5 cxb5 30. Rxb5 b6 31. Rb3 f6 32. Kf3 Kf7 33. Rc3 Rd7 34. Ke2 Ke6 35. Rd3 Rxd3 36. Kxd3 Kd5 37. e4+ Kc5 38. f4 b5 39. Kc3 a5 40. g4 b4+ 41. axb4+ axb4+ 42. Kd3 b3 43. h4 b2 44. Kc2 Kd4 45. e5 fxe5 46. fxe5 Kxe5 47. g5 h5 48. Kxb2 Kf4 49. Kc3 Kg4 50. Kd4 Kxh4 51. g6 Kg5 52. Ke5 Kxg6 53. Kf4 Kf6 54. Kg3 g5 55. Kf3 Kf5 56. Kg3 g4 57. Kg2 Kf4 58. Kf2 g3+ 59. Kg2 Kg4 60. Kg1 Kf3 61. Kf1 g2+ 62. Kg1 h4 63. Kh2 Kf2 0-1

[Event "POL-ch U10"]
[Site "Jastrzebia Gora"]
[Date "2014.??.??"]
[Round "5"]
[White "Kabacinski, Krzysztof"]
[Black "Wrona, Florian"]
[Result "1-0"]
[WhiteElo "1438"]
[BlackElo "1231"]
[PlyCount "91"]
[EventDate "2014.03.??"]
[EventType "tourn"]
[EventRounds "9"]
[EventCountry "POL"]
[SourceTitle "EXT 2016"]
[Source "ChessBase"]
[SourceDate "2015.10.08"]
[SourceVersion "1"]
[SourceVersionDate "2015.10.08"]
[SourceQuality "1"]

1. e4 e5 2. Nf3 Nc6 3. Bb5 Bc5 4. c3 d6 5. d4 exd4 6. cxd4 Bb4+ 7. Bd2 Bxd2+ 8. Nbxd2 Bd7 9. 0-0 Nge7 10. Nb3 0-0 11. Bc4 Ng6 12. Qd2 Nh4 13. Qf4 Nxf3+ 14. Qxf3 Qh4 15. Rfe1 Qg4 16. Qxg4 Bxg4 17. Rac1 Rfe8 18. f3 Bd7 19. Bb5 a6 20. Bc4 Nb4 21. a3 Nc6 22. f4 Kf8 23. Bd3 Rac8 24. Re2 f6 25. Rec2 h6 26. d5 Ne7 27. Rxc7 Rxc7 28. Rxc7 Bc8 29. Na5 b6 30. Nc4 b5 31. Nxd6 Rd8 32. Nxc8 Rxc8 33. Rxc8+ Nxc8 34. e5 Ke7 35. d6+ Ke6 36. Bf5+ Kxf5 37. d7 Nb6 38. d8Q Na4 39. b3 Nc5 40. exf6 gxf6 41. Qd5+ Kg4 42. Qxc5 a5 43. g3 f5 44. Kg2 b4 45. h3+ Kh5 46. Qxf5# 1-0